000 00713nam a2200205Ii 4500
003 JO-AjNU
008 230605s9999||||xx |||||||||||||| ||und||
017 _a1998/6/944
040 _aJO-AjNU
_bara
_erda
_cJO-AjNU
041 _aara
050 1 4 _aQA76.76.D63.M84 1998
100 3 _aبرهان ، محمد نور عبداللة ,
_eauthor
_927671
245 0 0 _aتحليل وتصميم انظمة المعلومات الحاسوبية
264 3 1 _aعمان:مؤسسة الوراق للنشر ، 1989
300 _a385ص
336 _atext
_btxt
_2rdacontent
337 _aunmediated
_bn
_2rdamedia
338 _avolume
_bnc
_2rdacarrier
650 4 _aالحاسبات الالكترونية-برامج
_927672
999 _aA10642
_c14210
_d14210